| 000 | 00527nam a22001937a 4500 | ||
|---|---|---|---|
| 003 | KOHA_MİRAKIL | ||
| 005 | 20251224124016.0 | ||
| 008 | 251224b tu ||||| |||| 00| 0 tur d | ||
| 020 | _a9758156365 | ||
| 040 |
_aTR-AnABB _btur _cTR-AnABB |
||
| 041 | _atur | ||
| 082 |
_a956.101543 _bYIL 2004 |
||
| 100 | 1 | _aYılmaz, Durmuş, | |
| 245 | 1 | 0 |
_aCumhuriyete giden yol / _cDurmuş Yılmaz |
| 260 |
_aKonya : _bÇizgi Yayınevi, _c2004 |
||
| 300 |
_a332 ayfa ; _c18 cm |
||
| 650 | 0 | 4 | _aOsmanlı Tarihi |
| 942 |
_2ddc _cBK |
||
| 999 |
_c9912 _d9912 |
||
| 900 | _bGizem YORULMAZ | ||